000 00479nam a22001577a 4500
003 MPLRDC
005 20220104144006.0
008 210129b ||||| |||| 00| 0 eng d
082 _a051.4 K1XR v.18 1981 c.2
100 _a特刊编辑委员会
245 _a吉隆坡循人中学高中第十八届, 初中第廿五届毕业特刊 1981
_c
260 _a
_b吉隆坡循人中学
_c1981
300 _b
650 _a学术纪要、学刊
942 _cBK
_o051.4 K1XR v.18 1981 c.2
999 _c45328
_d45318